00772 a2200229 4500003000700000005001700007008004100024020001800065040002500083050001800108100002800126245011600154260003300270300002100303336002800324337003000352338002700382500005200409650002800461650002500489650002800514CBULib20250612094621.0250127b |||||||| |||| 00| 0 eng d a9780415725330 bEnglishcCBULiberda aNA 2599.5 Arc aPreiser, Wolfgang F. E. aArchitecture beyond criticism : expert judgement and performance evaluationc/ edited by Preiser Wolfgang F. E. bRoutledge,c2015aNew York : axxxiv 285 pages  2rdacontentaText |btxt 2rdamediaaUnmediated |bn 2rdacarrieraVolumebnc aIncludes bibliographical references and index.  0aARCHITECTURAL CRITICISM 0aARCHITECTURAL DESIGN 0aBUILDINGD - PERFORMANCE